[Event "Oberliga Sued W 1617"]
[Site "Germany"]
[Date "2016.11.20"]
[Round "3.1"]
[White "Kipper, Jens"]
[Black "Becker, Thomas"]
[Result "1-0"]
[WhiteElo "2379"]
[BlackElo "2161"]
[PlyCount "123"]
[EventDate "2016.09.25"]
[EventType "team-tourn"]
[EventRounds "9"]
[EventCountry "GER"]
[SourceTitle "EXT 2018"]
[Source "ChessBase"]
[SourceDate "2017.10.13"]
[SourceVersion "1"]
[SourceVersionDate "2017.10.13"]
[SourceQuality "1"]
[WhiteTeam "Koblenz"]
[BlackTeam "Winterbach Turm"]
[WhiteTeamCountry "GER"]
[BlackTeamCountry "GER"]

1. Nf3 Nc6 2. d4 d5 3. e3 Bg4 4. Nbd2 e6 5. Bb5 Nge7 6. 0-0 a6 7. Be2 g6 8. b3 Bg7 9. Bb2 0-0 10. c4 Nb8 11. h3 Bxf3 12. Nxf3 c5 13. Rc1 cxd4 14. Bxd4 Nbc6 15. Bxg7 Kxg7 16. Qc2 Qa5 17. cxd5 exd5 18. Rfd1 Rfd8 19. Qb2+ Kg8 20. Nd4 Rac8 21. Nxc6 Rxc6 22. Rxc6 bxc6 23. Rc1 Ra8 24. Bf3 Qb4 25. Qf6 Rd8 26. h4 h5 27. g3 a5 28. Kg2 Rd7 29. Rd1 Qd6 30. Qg5 Kh7 31. e4 f6 32. Qd2 Qb4 33. Qe2 Qd6 34. exd5 Nxd5 35. Qe8 Kg7 36. Qa8 Qc5 37. Re1 Re7 38. Rxe7+ Nxe7 39. Qe8 f5 40. Be2 Qd5+ 41. Bf3 Qc5 42. Be2 Nd5 43. Qe5+ Kf7 44. Bf3 Kg8 45. Be2 Qe7 46. Qxe7 Nxe7 47. Kf3 Kf7 48. Ke3 Ke6 49. Kd4 Kd6 50. Bf3 Ng8 51. Kc4 Nf6 52. b4 Nd7 53. Kb3 axb4 54. Kxb4 Ne5 55. Be2 Kd5 56. a4 c5+ 57. Kc3 Kc6 58. a5 Kd6 59. f4 Nc6 60. a6 Kc7 61. Bc4 Kb6 62. Bf7 1-0

[Event "Oberliga Sued W 1617"]
[Site "Germany"]
[Date "2016.10.16"]
[Round "2.1"]
[White "Becker, Thomas"]
[Black "Le Corre, Benjamin"]
[Result "1/2-1/2"]
[WhiteElo "2161"]
[BlackElo "2308"]
[PlyCount "90"]
[EventDate "2016.09.25"]
[EventType "team-tourn"]
[EventRounds "9"]
[EventCountry "GER"]
[SourceTitle "EXT 2018"]
[Source "ChessBase"]
[SourceDate "2017.10.13"]
[SourceVersion "1"]
[SourceVersionDate "2017.10.13"]
[SourceQuality "1"]
[WhiteTeam "Winterbach Turm"]
[BlackTeam "Saarbruecken SVG"]
[WhiteTeamCountry "GER"]
[BlackTeamCountry "GER"]

1. e4 e6 2. d4 d5 3. Nc3 Nc6 4. Nf3 Nf6 5. Bg5 Be7 6. e5 Ne4 7. Bxe7 Qxe7 8. a3 Nxc3 9. bxc3 f6 10. Bb5 Bd7 11. a4 0-0-0 12. 0-0 f5 13. Nd2 Na5 14. Nb3 Nxb3 15. cxb3 Kb8 16. b4 h5 17. f4 g5 18. Qd2 gxf4 19. Qxf4 Rdg8 20. Be2 Qg7 21. Bf3 h4 22. Kh1 Qe7 23. Kg1 Qe8 24. b5 c6 25. bxc6 Bxc6 26. Qc1 Qd8 27. Rf2 Qa5 28. c4 Rc8 29. c5 Rcg8 30. Qd2 Qxd2 31. Rxd2 Kc7 32. Kf2 Rh7 33. Rb2 Rhg7 34. Rab1 Kc8 35. a5 a6 36. Rb6 Rg6 37. R6b4 Bb5 38. Rd1 Kc7 39. Rb2 Kc6 40. Rb4 h3 41. g3 Rh6 42. Rb2 Rhg6 43. Bh5 Rh6 44. Bf3 Rhg6 45. Bh5 Rh6 1/2-1/2

[Event "Hamburg St Pauli op-A"]
[Site "Hamburg"]
[Date "2015.07.19"]
[Round "2"]
[White "Becker, Thomas"]
[Black "Chyzynski, David"]
[Result "1/2-1/2"]
[WhiteElo "1990"]
[BlackElo "1815"]
[PlyCount "127"]
[EventDate "2015.07.18"]
[EventType "swiss"]
[EventRounds "9"]
[EventCountry "GER"]
[SourceTitle "EXT 2016"]
[Source "ChessBase"]
[SourceDate "2015.10.08"]
[SourceVersion "1"]
[SourceVersionDate "2015.10.08"]
[SourceQuality "1"]

1. e4 c5 2. Nf3 d6 3. d4 cxd4 4. Nxd4 Nf6 5. Nc3 a6 6. Be3 e5 7. Nb3 Be6 8. Qd2 Be7 9. f3 Nbd7 10. g4 Nb6 11. g5 Nfd7 12. 0-0-0 Qc7 13. Kb1 Nc4 14. Bxc4 Bxc4 15. Nd5 Bxd5 16. Qxd5 Rc8 17. c3 b5 18. Nd2 Nb6 19. Qb3 0-0 20. h4 Nc4 21. Nxc4 bxc4 22. Qb6 Qxb6 23. Bxb6 Rc6 24. Be3 f5 25. Rdf1 f4 26. Bf2 Kf7 27. Rfg1 d5 28. Re1 Rd8 29. exd5 Rxd5 30. Rd1 Rcd6 31. Kc2 Rd3 32. Rxd3 Rxd3 33. Rh3 e4 34. b3 e3 35. Be1 cxb3+ 36. axb3 Rd6 37. Rh2 Ke6 38. c4 Rd7 39. Bc3 g6 40. Rh1 Bd8 41. Ra1 Rd6 42. Bb4 Rb6 43. Kc3 h6 44. Ba5 Rd6 45. Bxd8 Rxd8 46. Rxa6+ Kf5 47. Ra5+ Ke6 48. Rd5 Rh8 49. Kd3 hxg5 50. Rxg5 Rd8+ 51. Ke2 Kf6 52. b4 Rd2+ 53. Ke1 Rb2 54. b5 Rb1+ 55. Ke2 Rb2+ 56. Kd3 Rb3+ 57. Kc2 e2 58. Kd2 Re3 59. Rg1 Ke5 60. Re1 Kd4 61. Rxe2 Rxf3 62. Re6 Kxc4 63. b6 Rb3 64. Re4+ 1/2-1/2

[Event "Hamburg St Pauli op-A"]
[Site "Hamburg"]
[Date "2015.07.18"]
[Round "1"]
[White "Krause, Benedict"]
[Black "Becker, Thomas"]
[Result "1-0"]
[WhiteElo "2248"]
[BlackElo "1990"]
[PlyCount "51"]
[EventDate "2015.07.18"]
[EventType "swiss"]
[EventRounds "9"]
[EventCountry "GER"]
[SourceTitle "EXT 2016"]
[Source "ChessBase"]
[SourceDate "2015.10.08"]
[SourceVersion "1"]
[SourceVersionDate "2015.10.08"]
[SourceQuality "1"]

1. e4 c5 2. Nf3 e6 3. d4 cxd4 4. Nxd4 Nf6 5. Nc3 d6 6. g4 h6 7. h4 Nc6 8. Rg1 Nxd4 9. Qxd4 Nd7 10. g5 Qb6 11. Qxb6 Nxb6 12. Bf4 e5 13. Be3 Bd7 14. gxh6 g6 15. Bxb6 axb6 16. Nd5 Rd8 17. h5 g5 18. Rxg5 Bxh6 19. Rg1 Bc6 20. Rd1 Bxd5 21. Rxd5 Kd7 22. Be2 Ra8 23. a3 Ra5 24. Rd3 Kc6 25. Kd1 Ra4 26. Rc3+ 1-0

[Event "Saarland-ch MA 89th"]
[Site "Stennweiler"]
[Date "2014.04.15"]
[Round "5"]
[White "Becker, Thomas"]
[Black "Barmbold, Jens"]
[Result "0-1"]
[WhiteElo "2158"]
[BlackElo "2199"]
[PlyCount "48"]
[EventDate "2014.04.11"]
[EventType "swiss"]
[EventRounds "9"]
[EventCountry "GER"]
[SourceTitle "EXT 2016"]
[Source "ChessBase"]
[SourceDate "2015.10.08"]
[SourceVersion "1"]
[SourceVersionDate "2015.10.08"]
[SourceQuality "1"]

1. e4 c5 2. Nf3 d6 3. d4 cxd4 4. Nxd4 Nf6 5. Nc3 a6 6. Be2 e5 7. Nb3 Be6 8. f4 Qc7 9. g4 h6 10. g5 hxg5 11. fxg5 Nfd7 12. Bg4 Rh4 13. Bxe6 fxe6 14. Qf3 Nc6 15. Qg3 Rh8 16. Qg4 0-0-0 17. Qxe6 Nd4 18. Nxd4 exd4 19. Nd5 Qxc2 20. Bf4 Kb8 21. b4 Qg2 22. Rf1 Ne5 23. Bxe5 Qxe4+ 24. Kd1 dxe5 0-1

[Event "Bargteheide op"]
[Site "Bargteheide"]
[Date "2012.05.17"]
[Round "1"]
[White "Becker, Thomas"]
[Black "Zumsande, Martin"]
[Result "0-1"]
[WhiteElo "2022"]
[BlackElo "2420"]
[PlyCount "92"]
[EventDate "2012.05.17"]
[EventType "swiss"]
[EventRounds "7"]
[EventCountry "GER"]
[SourceTitle "CBM 148 Extra"]
[Source "ChessBase"]
[SourceDate "2012.06.22"]
[SourceVersion "1"]
[SourceVersionDate "2012.06.22"]
[SourceQuality "1"]

1. e4 e6 2. d4 d5 3. Nc3 Nf6 4. e5 Nfd7 5. Nf3 c5 6. dxc5 Nc6 7. Bf4 Bxc5 8. Bd3 a6 9. 0-0 b5 10. a3 h6 11. h3 Bb7 12. b4 Ba7 13. Qd2 Qe7 14. Rfe1 Rc8 15. Nd1 Nb6 16. Nb2 Nc4 17. Nxc4 dxc4 18. Be4 Rd8 19. Qc1 Nd4 20. Nxd4 Rxd4 21. Bxb7 Qxb7 22. Be3 Rd5 23. Bxa7 Qxa7 24. Qe3 Qb7 25. Rad1 0-0 26. Rd2 Rfd8 27. Red1 Rxd2 28. Rxd2 Rxd2 29. Qxd2 Qe4 30. f4 Kh7 31. Kf2 h5 32. g3 Qh1 33. Qd6 Qh2+ 34. Kf3 Qxc2 35. Qxa6 Qd3+ 36. Kf2 c3 37. Qd6 Qc4 38. Qd1 c2 39. Qc1 Qd3 40. Ke1 Qxg3+ 41. Kd2 Qxf4+ 42. Kxc2 Qxe5 43. Kb3 Qd5+ 44. Kb2 g5 45. Qc5 g4 46. hxg4 hxg4 0-1

[Event "Gibraltar Masters 9th"]
[Site "Caleta"]
[Date "2011.02.01"]
[Round "8"]
[White "Becker, Thomas"]
[Black "Jameson, David"]
[Result "1-0"]
[WhiteElo "2031"]
[BlackElo "2054"]
[PlyCount "83"]
[EventDate "2011.01.25"]
[EventType "swiss"]
[EventRounds "10"]
[EventCountry "GGB"]
[SourceTitle "CBM 141"]
[Source "ChessBase"]
[SourceDate "2011.03.17"]
[SourceVersion "1"]
[SourceVersionDate "2011.03.17"]
[SourceQuality "1"]

1. e4 e5 2. Nf3 Nc6 3. Bc4 Bc5 4. c3 Nf6 5. d3 Bb6 6. Nbd2 0-0 7. 0-0 h6 8. Bb5 Re8 9. Nc4 d6 10. a4 a6 11. Nxb6 cxb6 12. Bc4 Be6 13. Re1 Bxc4 14. dxc4 Na5 15. b3 Qc7 16. Ba3 Rad8 17. Qc2 Qc6 18. Bb4 Rd7 19. Rad1 Red8 20. Nd2 Qc7 21. Nf1 Nc6 22. Ba3 Ne7 23. Ne3 Qc6 24. f3 Rc7 25. Rd3 Rcd7 26. Red1 Ne8 27. g3 g6 28. Qd2 Kg7 29. Ng4 f6 30. Qxh6+ Kf7 31. Qh7+ Ke6 32. Nh6 Rc7 33. Qf7+ Kd7 34. Ng8 Kc8 35. Nxe7+ Rxe7 36. Qxe7 f5 37. Qxd8+ Kxd8 38. Rxd6+ Nxd6 39. Rxd6+ Qxd6 40. Bxd6 fxe4 41. fxe4 Kd7 42. Bxe5 1-0

[Event "Gibraltar Masters 9th"]
[Site "Caleta"]
[Date "2011.01.29"]
[Round "5"]
[White "Helin, Mikael"]
[Black "Becker, Thomas"]
[Result "1-0"]
[WhiteElo "1914"]
[BlackElo "2031"]
[PlyCount "77"]
[EventDate "2011.01.25"]
[EventType "swiss"]
[EventRounds "10"]
[EventCountry "GGB"]
[SourceTitle "CBM 141"]
[Source "ChessBase"]
[SourceDate "2011.03.17"]
[SourceVersion "1"]
[SourceVersionDate "2011.03.17"]
[SourceQuality "1"]

1. e4 c5 2. Nc3 e6 3. Nge2 a6 4. g3 b6 5. Bg2 Bb7 6. 0-0 d6 7. d3 Nf6 8. h3 Nbd7 9. f4 Qc7 10. Rb1 Be7 11. a3 0-0 12. g4 b5 13. Ng3 Rfc8 14. g5 Ne8 15. f5 Ne5 16. h4 b4 17. Nce2 d5 18. Nf4 exf5 19. exf5 Rd8 20. Qe2 Bf8 21. Re1 Nd7 22. h5 Nb6 23. f6 Qd7 24. Bh3 Qc6 25. Nf5 d4 26. Kh2 Nxf6 27. gxf6 Qxf6 28. Qg4 Kh8 29. Bd2 Nd5 30. Nxd5 Rxd5 31. Bg5 Qb6 32. Rg1 g6 33. Rbf1 Re8 34. Ng3 Qc7 35. hxg6 hxg6 36. Rf4 f5 37. Bf6+ Bg7 38. Qxg6 Rd7 39. Qxe8+ 1-0

[Event "Oberliga Sued W 1011"]
[Site "Germany"]
[Date "2010.10.24"]
[Round "2.1"]
[White "Nesterov, Evgenij"]
[Black "Becker, Thomas"]
[Result "1/2-1/2"]
[WhiteElo "2182"]
[BlackElo "2098"]
[PlyCount "68"]
[EventDate "2010.10.10"]
[EventType "team-tourn"]
[EventRounds "9"]
[EventCountry "GER"]
[SourceTitle "EXT 2012"]
[Source "ChessBase"]
[SourceDate "2011.11.24"]
[SourceVersion "1"]
[SourceVersionDate "2011.11.24"]
[SourceQuality "1"]
[WhiteTeam "Heidesheim"]
[BlackTeam "Winterbach Turm"]
[WhiteTeamCountry "GER"]
[BlackTeamCountry "GER"]

1. d4 d5 2. Nf3 c6 3. c4 Nf6 4. Nbd2 g6 5. e3 Bg7 6. Bd3 0-0 7. 0-0 Bg4 8. h3 Bxf3 9. Nxf3 Nbd7 10. b4 a5 11. bxa5 Qxa5 12. Bd2 Qa3 13. Qb3 b6 14. cxd5 Nxd5 15. Rfc1 Rfc8 16. Qxa3 Rxa3 17. Bb5 Nb8 18. Rc2 Ra7 19. Rac1 Rac7 20. Bd3 Bh6 21. Ne5 e6 22. Rb1 f6 23. Ng4 Bg7 24. e4 f5 25. exd5 fxg4 26. Bf4 Rb7 27. dxc6 Rxc6 28. Rbc1 Rxc2 29. Rxc2 Nd7 30. Rc8+ Kf7 31. Ra8 e5 32. Bg5 Bf6 33. Bc4+ Ke7 34. Bxf6+ Kxf6 1/2-1/2

[Event "Hamburg St Pauli op-A"]
[Site "Hamburg"]
[Date "2010.07.12"]
[Round "3"]
[White "Becker, Thomas"]
[Black "Haack, Stefan"]
[Result "1-0"]
[WhiteElo "2018"]
[BlackElo "1935"]
[PlyCount "53"]
[EventDate "2010.07.10"]
[EventType "swiss"]
[EventRounds "9"]
[EventCountry "GER"]
[SourceTitle "EXT 2013"]
[Source "ChessBase"]
[SourceDate "2012.11.22"]
[SourceVersion "1"]
[SourceVersionDate "2012.11.22"]
[SourceQuality "1"]

1. e4 e5 2. Nf3 Nc6 3. d4 exd4 4. Nxd4 Bc5 5. Be3 Bb6 6. Bc4 Qf6 7. c3 Nge7 8. 0-0 d6 9. f4 0-0 10. Kh1 Nxd4 11. cxd4 Be6 12. Be2 g6 13. Qd2 d5 14. e5 Qg7 15. g4 Rac8 16. f5 gxf5 17. Bh6 Qg6 18. gxf5 Bxf5 19. Nc3 Be4+ 20. Nxe4 Qxe4+ 21. Bf3 Qxd4 22. Qg5+ Ng6 23. Rae1 f6 24. exf6 c6 25. Bh5 Qd3 26. Bxf8 Rxf8 27. Qh6 1-0

[Event "Saarland-ch MA 85th"]
[Site "Homburg"]
[Date "2010.04.03"]
[Round "9"]
[White "Barmbold, Jens"]
[Black "Becker, Thomas"]
[Result "0-1"]
[WhiteElo "2199"]
[BlackElo "2160"]
[PlyCount "84"]
[EventDate "2010.03.27"]
[EventType "swiss"]
[EventRounds "9"]
[EventCountry "GER"]
[SourceTitle "EXT 2011"]
[Source "ChessBase"]
[SourceDate "2010.11.26"]
[SourceVersion "1"]
[SourceVersionDate "2010.11.26"]
[SourceQuality "1"]

1. d4 Nf6 2. Nf3 g6 3. g3 Bg7 4. Bg2 0-0 5. 0-0 d6 6. c4 Na6 7. Nc3 c5 8. h3 Bd7 9. Be3 Bc6 10. d5 Bd7 11. Qd2 Nc7 12. a4 b6 13. Bh6 a6 14. e4 b5 15. e5 Nfe8 16. Bxg7 Kxg7 17. e6 fxe6 18. axb5 axb5 19. dxe6 Bc6 20. Nxb5 Kg8 21. Ng5 Bxg2 22. Kxg2 Nxb5 23. cxb5 Rxa1 24. Rxa1 Qb6 25. Ra4 Nf6 26. Rh4 Qxb5 27. Nxh7 Qb7+ 28. Kg1 Ra8 29. Nxf6+ exf6 30. Qe1 Kg7 31. Re4 Qxb2 32. e7 Re8 33. Qe3 Qb7 34. Re6 Qd7 35. f4 Kf7 36. f5 gxf5 37. Rxf6+ Kxf6 38. Qh6+ Kxe7 39. Qg5+ Kf8 40. Qh6+ Qg7 41. Qxd6+ Kg8 42. Qd5+ Kh8 0-1

[Event "Saarland-ch MA 85th"]
[Site "Homburg"]
[Date "2010.04.01"]
[Round "7"]
[White "Schmidt, Martin"]
[Black "Becker, Thomas"]
[Result "1-0"]
[WhiteElo "2015"]
[BlackElo "2160"]
[PlyCount "89"]
[EventDate "2010.03.27"]
[EventType "swiss"]
[EventRounds "9"]
[EventCountry "GER"]
[SourceTitle "EXT 2011"]
[Source "ChessBase"]
[SourceDate "2010.11.26"]
[SourceVersion "1"]
[SourceVersionDate "2010.11.26"]
[SourceQuality "1"]

1. e4 c5 2. Nc3 Nc6 3. g3 g6 4. Bg2 Bg7 5. d3 d6 6. Be3 e6 7. Qd2 Nge7 8. Bh6 0-0 9. h4 f6 10. Bxg7 Kxg7 11. f4 Kh8 12. Nf3 Nd4 13. Nd1 Nxf3+ 14. Bxf3 Nc6 15. Ne3 Qe7 16. 0-0-0 Bd7 17. Rdf1 Nd4 18. Bd1 Bc6 19. Rh2 f5 20. c3 Nb5 21. Bc2 h5 22. Re2 Qf7 23. Nc4 Rad8 24. a4 Nc7 25. Bb3 b6 26. Qc2 Qd7 27. Rfe1 fxe4 28. dxe4 Qg7 29. Rd2 d5 30. Ne5 Be8 31. Red1 d4 32. cxd4 cxd4 33. Rxd4 Rxd4 34. Rxd4 Na6 35. Bxe6 Nc5 36. Bd5 Nd7 37. Nxd7 Bxd7 38. Rc4 Rd8 39. Qc3 Qxc3+ 40. bxc3 Rc8 41. Rxc8+ Bxc8 42. Kd2 Bd7 43. Bb3 Kg7 44. Ke3 Kf6 45. Kd4 1-0

[Event "Saarland-ch MA 85th"]
[Site "Homburg"]
[Date "2010.03.31"]
[Round "6"]
[White "Becker, Thomas"]
[Black "Busemann, Stephan"]
[Result "1/2-1/2"]
[WhiteElo "2160"]
[BlackElo "1998"]
[PlyCount "81"]
[EventDate "2010.03.27"]
[EventType "swiss"]
[EventRounds "9"]
[EventCountry "GER"]
[SourceTitle "EXT 2011"]
[Source "ChessBase"]
[SourceDate "2010.11.26"]
[SourceVersion "1"]
[SourceVersionDate "2010.11.26"]
[SourceQuality "1"]

1. c4 Nf6 2. g3 e6 3. Bg2 Be7 4. Nc3 0-0 5. e4 e5 6. Nge2 c5 7. d3 Nc6 8. 0-0 d6 9. h3 a6 10. f4 Rb8 11. Nd5 Nxd5 12. exd5 Nd4 13. fxe5 dxe5 14. Nxd4 cxd4 15. Qe1 Bd6 16. b4 b6 17. Ba3 a5 18. c5 axb4 19. cxd6 bxa3 20. Qxe5 b5 21. Rac1 f6 22. Qf4 g5 23. Qxd4 Qxd6 24. Kh2 Bd7 25. h4 b4 26. Rf2 b3 27. axb3 Rxb3 28. hxg5 fxg5 29. Rxf8+ Qxf8 30. d6 Rb2 31. Qd5+ Kh8 32. Qe5+ Kg8 33. Qxg5+ Kh8 34. Rc7 Qe8 35. Qd5 Rd2 36. Ra7 Qe3 37. Rxd7 Qh6+ 38. Kg1 Qe3+ 39. Kh2 Qh6+ 40. Kg1 Qe3+ 41. Kh2 1/2-1/2

[Event "Saarland-ch MA 85th"]
[Site "Homburg"]
[Date "2010.03.29"]
[Round "4"]
[White "Becker, Thomas"]
[Black "Becker, Joerg"]
[Result "1/2-1/2"]
[WhiteElo "2160"]
[BlackElo "2154"]
[PlyCount "81"]
[EventDate "2010.03.27"]
[EventType "swiss"]
[EventRounds "9"]
[EventCountry "GER"]
[SourceTitle "EXT 2011"]
[Source "ChessBase"]
[SourceDate "2010.11.26"]
[SourceVersion "1"]
[SourceVersionDate "2010.11.26"]
[SourceQuality "1"]

1. e4 Nf6 2. e5 Nd5 3. d4 d6 4. exd6 cxd6 5. Nf3 g6 6. Bc4 Nb6 7. Bb3 Bg7 8. 0-0 0-0 9. h3 Nc6 10. Re1 Na5 11. Bg5 Re8 12. Qe2 Nxb3 13. axb3 f6 14. Bd2 Bf5 15. Ba5 e5 16. Nc3 Qd7 17. Bxb6 axb6 18. Nd5 Rxa1 19. Rxa1 Qc6 20. Ra8 Kf7 21. Rxe8 Kxe8 22. c4 Kf7 23. g4 Be6 24. Nc3 Qd7 25. Qe4 Bf8 26. Qe3 Qc8 27. Nd5 b5 28. dxe5 dxe5 29. Nxf6 Kxf6 30. Qxe5+ Ke7 31. Qg5+ Ke8 32. Nd4 Kf7 33. Qf4+ Kg8 34. Nxb5 Bc5 35. Nc3 Qf8 36. Qg3 Bd6 37. Qe3 Bf7 38. Ne4 Be5 39. Nc5 Bxb2 40. Nxb7 Qb8 41. Qe7 1/2-1/2